书目信息 |
| 题名: |
中国古代农业
|
|
| 作者: | 李根蟠 著 | |
| 分册: | ||
| 出版信息: | 北京 中国国际广播出版社 2010 |
|
| 页数: | 276页 | |
| 开本: | 23cm | |
| 丛书名: | ||
| 单 册: | ||
| 中图分类: | S-092.2 | |
| 科图分类: | ||
| 主题词: | 农业史--中国--古代 | |
| 电子资源: | ||
| ISBN: | 978-7-5078-3210-5 | |
| 000 | 00732nam0 2200241 450 | |
| 001 | 0102040958 | |
| 005 | 20110301173426.0 | |
| 010 | @a978-7-5078-3210-5@dCNY28.80 | |
| 100 | @a20110112d2010 em y0chiy0120 ea | |
| 101 | 0 | @achi |
| 102 | @aCN@b110000 | |
| 105 | @aa z 000yy | |
| 106 | @ar | |
| 200 | 1 | @a中国古代农业@9Zhong Guo Gu Dai Nong Ye @f李根蟠著@b专著 |
| 210 | @a北京@c中国国际广播出版社@d2010 | |
| 215 | @a276页@c图@d23cm | |
| 300 | @a中国读本 | |
| 330 | @a本书内容包括:自成一体的农业起源、铁器牛耕谱新篇、在经济重心转移中凯歌前进。 | |
| 606 | 0 | @a农业史@y中国@z古代 |
| 690 | @aS-092.2@v4 | |
| 701 | 0 | @a李根蟠@f(1940~)@4著@9li gen pan |
| 801 | 0 | @aCN@bAZmarc@c20230901 |
| 905 | @aBZT@dS-092.2@e5@f4@sS-092.2/5 | |
| 中国古代农业/李根蟠著.-北京:中国国际广播出版社,2010 |
| 276页:图;23cm |
| 中国读本 |
| ISBN 978-7-5078-3210-5:CNY28.80 |
| 本书内容包括:自成一体的农业起源、铁器牛耕谱新篇、在经济重心转移中凯歌前进。 |
| ● |
| 相关链接 |
|
|
|
正题名:中国古代农业
索取号:S-092.2/5
 
预约/预借
| 序号 | 登录号 | 条形码 | 馆藏地/架位号 | 状态 | 备注 |
| 1 | 2000050229 | 2000050229 | 旧书回溯/ [索取号:S-092.2/5] | 在馆 | |
| 2 | 2000050230 | 2000050230 | 旧书回溯/ [索取号:S-092.2/5] | 在馆 | |
| 3 | 2000050231 | 2000050231 | 旧书回溯/ [索取号:S-092.2/5] | 在馆 | |
| 4 | 2000059078 | 2000059078 | 旧书回溯/ [索取号:S-092.2/5] | 在馆 |